Vector mechanics for engineers (Record no. 4856)

000 -LEADER
fixed length control field 00594nam a2200217 a 4500
001 - CONTROL NUMBER
control field 4856
003 - CONTROL NUMBER IDENTIFIER
control field BD-DhUET
008 - FIXED-LENGTH DATA ELEMENTS--GENERAL INFORMATION
fixed length control field 840307s1984 nyua 001 0 eng
020 ## - INTERNATIONAL STANDARD BOOK NUMBER
International Standard Book Number 0070044384
040 ## - CATALOGING SOURCE
Original cataloging agency DLC
Transcribing agency DLC
Modifying agency BD-DhUET
082 00 - DEWEY DECIMAL CLASSIFICATION NUMBER
Classification number 620.1
Item number BEE/1984
100 ## - MAIN ENTRY--PERSONAL NAME
Personal name Beer, Ferdinand P.
245 10 - TITLE STATEMENT
Title Vector mechanics for engineers
Remainder of title statics and dynamics
250 ## - EDITION STATEMENT
Edition statement 4th ed.
260 ## - PUBLICATION, DISTRIBUTION, ETC. (IMPRINT)
Place of publication, distribution, etc. New York
Name of publisher, distributor, etc. McGraw-Hill
Date of publication, distribution, etc. 1984
300 ## - PHYSICAL DESCRIPTION
Extent xxi, 926 p.
Other physical details ill.
Dimensions 24 cm.
504 ## - BIBLIOGRAPHY, ETC. NOTE
Bibliography, etc Includes bibliographies
650 #0 - SUBJECT ADDED ENTRY--TOPICAL TERM
Topical term or geographic name as entry element Engineering instruments
700 1# - ADDED ENTRY--PERSONAL NAME
Personal name Johnston, E. Russell
942 ## - ADDED ENTRY ELEMENTS (KOHA)
Koha item type General Book
Holdings
Shelving location Withdrawn status Date acquired Location (home branch) Koha date last seen Koha normalized classification for sorting Koha full call number Copy number Sublocation or collection (holding branch) Not for loan Source of classification or shelving scheme Koha date last borrowed Piece designation (barcode) Lost status Koha item type Koha issues (times borrowed) Damaged status Price effective from
Circulation section 2014-11-23Central Library, BUET2015-12-08620_100000000000000_BEE_1984620.1/BEE/19841Central Library, BUET   66051 General Book  2014-11-23
Circulation section 2014-11-24Central Library, BUET2022-06-20620_000000000000000_1BEE1984620.1/BEE/19841Central Library, BUET  2022-06-1266042 General Book2 2014-11-24
Circulation section 2014-11-29Central Library, BUET2023-06-07620_100000000000000_BEE_1984620.1/BEE/19841Central Library, BUET  2023-01-1066086 General Book4 2014-11-29
Circulation section 2014-12-11Central Library, BUET2025-05-28620_100000000000000_BEE_1984620.1 /BEE/198449Central Library, BUET  2025-04-3066044 General Book1 2014-12-11
Circulation section 2014-12-11Central Library, BUET2015-02-23620_100000000000000_BEE_1984620.1/BEE/19841Central Library, BUET   66012 General Book  2014-12-11
Circulation section 2015-01-19Central Library, BUET2015-12-22620_100000000000000_BEE_1984620.1/BEE/19846Central Library, BUET   66043 General Book  2015-01-19
Circulation section 2015-02-16Central Library, BUET2022-12-13620_100000000000000_BEE_1984620.1/BEE/19847Central Library, BUET  2022-11-2181336 General Book1 2015-02-16
Circulation section 2015-04-01Central Library, BUET2018-04-30620_100000000000000_BEE_1984620.1/BEE/19841Central Library, BUET  2018-04-1866048 General Book1 2015-04-01
Reading section 2015-06-21Central Library, BUET2015-06-21620_100000000000000_BEE_1984620.1/BEE/19849Central Library, BUET   66015 Reading Item  2015-06-21
Reading section 2015-06-22Central Library, BUET2015-06-22620_100000000000000_BEE_1984620.1/BEE/198410Central Library, BUET   66014 General Book  2015-06-22
Reading section 2015-06-22Central Library, BUET2015-06-22620_100000000000000_BEE_1984620.1/BEE/198411Central Library, BUET   66013 General Book  2015-06-22
Reading section 2015-06-29Central Library, BUET2015-06-29620_010000000000000_BEE_1984620.01/BEE/198412Central Library, BUET   66095 Reading Item  2015-06-29
Circulation section 2015-07-28Central Library, BUET2015-07-28620_100000000000000_BEE_1984620.1/BEE/198413Central Library, BUET   75502 General Book  2015-07-28